Statistiques concernant Chansons de La Belle et le Clochard

Cliquez ici pour prendre le quiz!

Statistiques générales

  • Ce quiz a été pris 5 fois
  • Le résultat moyen est 4 sur 9

Statistiques - réponses

Personnage(s)IndicesChansons% Correct
Tony, Joe et chœurSpaghetti au chandelles pour les deux chiens amoureuxBelle nuit (reprise)
100%
ChoeurGénérique du débutBelle nuit (titre principal)
100%
Si et AmLes chats de la tante sont identiquesLa Chanson des siamois
60%
DarlingBerceuse pour le nouveau bébéLa La Lou
60%
LadyDécouvre les mini-humainsQu'est-ce qu'un bébé ?
60%
PeggyDéclaration pour le clochardIl se traîne
20%
JockCache sa nourriture (ses os)Trois pas par-ci, deux par-là
20%
Soliste et ChoeurZoom sur la maison (et un peu du générique aussi)La paix sur la terre
0%
Soliste et ChoeurDézoome de la maison et finLa paix sur la terre (reprise)
0%

Distribution des résultats

Percentile par nombre de réponses

% des personnes avec chaque résultat

Votre développement - résultats

Vous n’avez pas pris ce quiz